| 000 | 01342nam0a2200349 i 4500 | ||
|---|---|---|---|
| 001 | RU\NLR\BIBL_A\010509057 | ||
| 005 | 20260409072101.0 | ||
| 010 |
_a9785170816361 _93000 |
||
| 021 |
_aRU _b2014-61700 _93756 |
||
| 035 | _a(NILC)RuMoRGB-007536961 | ||
| 035 | _a(NLR Aleph) 010509057 | ||
| 090 |
_a10169905 _c10169905 |
||
| 100 | _a20141024d2014 m y0rusy50 ca | ||
| 101 | 1 |
_arus _ceng |
|
| 102 | _aRU | ||
| 105 | _ay|||z||||00zy | ||
| 200 | 1 |
_aВкус победы _e14 дней без глютена для совершенства тела и духа _fНовак Джокович _g[пер. с англ. О. А. Мышаковой] |
|
| 210 |
_aМосква _cАСТ _d2014 |
||
| 215 |
_a219, [1] с. _d21 |
||
| 333 | _a12+ | ||
| 600 | 1 |
_aДжокович _bН. _f1987 _gНовак _jВоспоминания, записки и т.п _92204600 _3RU\NLR\AUTH\6601559159 |
|
| 606 | 1 |
_aЦелиакия _xЛечебное питание _92202953 _3RU\NLR\AUTH\6601558374 |
|
| 606 |
_aСпортсмены _xПитание _91863213 _3RU\NLR\AUTH\66845351 |
||
| 686 | 1 | _aР413.302-51 | |
| 686 | 1 | _aЧ510.811 | |
| 686 | 1 | _aЧ515.773(4Ю4С)6-8Джокович | |
| 700 | 1 |
_aДжокович _bН. _f1987- _gНовак |
|
| 801 | 0 |
_aRU _bРГБ _c20140819 _gRCR |
|
| 942 | _cBOOK | ||
| 980 | _aNBR | ||